000 01262nam a2200205 4500
001 118734
003 ES-MaACL
005 20251015063121.0
007 t|
008 070214s1974 sp r ||||1| spa d
100 1 _aPiaget, Jean,
_d1896-1980
_991738
245 1 0 _aJean Piaget y las ciencias sociales /
_cG. Busino ... [et al.] ; introducción y bibliografía, Miguel A. Quintanilla ; [traducción revisada y anotada], Miguel A. Quintanilla.
260 _aSalamanca :
_bSígueme,
_c1974.
300 _a208 p. ;
_c23 cm.
505 8 _aContiene: Las ideas sociológicas de Jean Piaget . ¿Jean Piaget sociólogo pese a los sociólogos? . Jean Piaget y la filosofía . Jean Piaget y la filosofía como sabiduría e ilusión . Lógica y ciencias humanas . Jean Piaget y la lingüística . Sociología y sociedad según Jean Piaget . Incidencias de la epistemología de Jean Piaget sobre la teoría de los fundamentos del derecho . Freud, Piaget y el liderazgo democrático . Autobiografía . Bibliografía de los escritos de Jean Piaget . Traducciones al castellano de los escritos de Jean Piaget
700 1 _aBusino, Giovanni.
_9173745
700 1 _aQuintanilla, Miguel A (
_d1945-)
_994700
852 _aES-MaACL
_jE-8860
999 _c118734
_d118734